<?xml version="1.0" encoding="UTF-8"?>
<record
    xmlns:xsi="http://www.w3.org/2001/XMLSchema-instance"
    xsi:schemaLocation="http://www.loc.gov/MARC21/slim http://www.loc.gov/standards/marcxml/schema/MARC21slim.xsd"
    xmlns="http://www.loc.gov/MARC21/slim">

  <leader>00255nam a22001097a 4500</leader>
  <controlfield tag="005">20230609113428.0</controlfield>
  <controlfield tag="008">230609b        |||||||| |||| 00| 0 eng d</controlfield>
  <datafield tag="022" ind1=" " ind2=" ">
    <subfield code="a">9770972687004</subfield>
  </datafield>
  <datafield tag="245" ind1=" " ind2=" ">
    <subfield code="a">ORGANIZATIONAL BEHAVIOR</subfield>
  </datafield>
  <datafield tag="260" ind1=" " ind2=" ">
    <subfield code="b">IUP PUBLISHER</subfield>
  </datafield>
  <datafield tag="942" ind1=" " ind2=" ">
    <subfield code="c">JRL</subfield>
  </datafield>
  <datafield tag="999" ind1=" " ind2=" ">
    <subfield code="c">8320</subfield>
    <subfield code="d">8318</subfield>
  </datafield>
  <datafield tag="952" ind1=" " ind2=" ">
    <subfield code="0">0</subfield>
    <subfield code="1">0</subfield>
    <subfield code="4">0</subfield>
    <subfield code="7">0</subfield>
    <subfield code="a">JRU</subfield>
    <subfield code="b">JRU</subfield>
    <subfield code="d">2023-06-09</subfield>
    <subfield code="e">PURCHASE</subfield>
    <subfield code="h">VOL-XVIII    ISSUE NO.-3  JULY-2019</subfield>
    <subfield code="l">0</subfield>
    <subfield code="p">OB0001</subfield>
    <subfield code="r">2023-06-09 00:00:00</subfield>
    <subfield code="w">2023-06-09</subfield>
    <subfield code="y">JRL</subfield>
  </datafield>
  <datafield tag="952" ind1=" " ind2=" ">
    <subfield code="0">0</subfield>
    <subfield code="1">0</subfield>
    <subfield code="4">0</subfield>
    <subfield code="7">0</subfield>
    <subfield code="a">JRU</subfield>
    <subfield code="b">JRU</subfield>
    <subfield code="d">2023-06-09</subfield>
    <subfield code="e">PURCHASE</subfield>
    <subfield code="h">VOL-XVIII    ISSUE NO.-4  OCT-2019</subfield>
    <subfield code="l">0</subfield>
    <subfield code="p">OB0002</subfield>
    <subfield code="r">2023-06-09 00:00:00</subfield>
    <subfield code="w">2023-06-09</subfield>
    <subfield code="y">JRL</subfield>
  </datafield>
  <datafield tag="952" ind1=" " ind2=" ">
    <subfield code="0">0</subfield>
    <subfield code="1">0</subfield>
    <subfield code="4">0</subfield>
    <subfield code="7">0</subfield>
    <subfield code="a">JRU</subfield>
    <subfield code="b">JRU</subfield>
    <subfield code="d">2023-06-09</subfield>
    <subfield code="e">PURCHASE</subfield>
    <subfield code="h">VOL-XIX   ISSUE NO.-1 JAN-2020</subfield>
    <subfield code="l">0</subfield>
    <subfield code="p">OB0003</subfield>
    <subfield code="r">2023-06-09 00:00:00</subfield>
    <subfield code="w">2023-06-09</subfield>
    <subfield code="y">JRL</subfield>
  </datafield>
  <datafield tag="952" ind1=" " ind2=" ">
    <subfield code="0">0</subfield>
    <subfield code="1">0</subfield>
    <subfield code="4">0</subfield>
    <subfield code="7">0</subfield>
    <subfield code="a">JRU</subfield>
    <subfield code="b">JRU</subfield>
    <subfield code="d">2023-06-09</subfield>
    <subfield code="e">PURCHASE</subfield>
    <subfield code="h">VOL-XIX    ISSUE NO.-2  APR-2020</subfield>
    <subfield code="l">0</subfield>
    <subfield code="p">OB0004</subfield>
    <subfield code="r">2023-06-09 00:00:00</subfield>
    <subfield code="w">2023-06-09</subfield>
    <subfield code="y">JRL</subfield>
  </datafield>
  <datafield tag="952" ind1=" " ind2=" ">
    <subfield code="0">0</subfield>
    <subfield code="1">0</subfield>
    <subfield code="4">0</subfield>
    <subfield code="7">0</subfield>
    <subfield code="a">JRU</subfield>
    <subfield code="b">JRU</subfield>
    <subfield code="d">2023-06-09</subfield>
    <subfield code="e">PURCHASE</subfield>
    <subfield code="h">VOL-22   ISSUE NO.-1  JAN-2023</subfield>
    <subfield code="l">0</subfield>
    <subfield code="p">OB0005</subfield>
    <subfield code="r">2023-06-09 00:00:00</subfield>
    <subfield code="w">2023-06-09</subfield>
    <subfield code="y">JRL</subfield>
  </datafield>
  <datafield tag="952" ind1=" " ind2=" ">
    <subfield code="0">0</subfield>
    <subfield code="1">0</subfield>
    <subfield code="4">0</subfield>
    <subfield code="7">0</subfield>
    <subfield code="a">JRU</subfield>
    <subfield code="b">JRU</subfield>
    <subfield code="d">2023-07-24</subfield>
    <subfield code="e">PURCHASE</subfield>
    <subfield code="h">VOL-22, NO-2, APRIL-2023</subfield>
    <subfield code="l">1</subfield>
    <subfield code="m">1</subfield>
    <subfield code="p">OB0006</subfield>
    <subfield code="r">2024-10-25 15:40:24</subfield>
    <subfield code="s">2024-04-04</subfield>
    <subfield code="w">2023-07-24</subfield>
    <subfield code="y">JRL</subfield>
  </datafield>
  <datafield tag="952" ind1=" " ind2=" ">
    <subfield code="0">0</subfield>
    <subfield code="1">0</subfield>
    <subfield code="4">0</subfield>
    <subfield code="7">0</subfield>
    <subfield code="a">JRU</subfield>
    <subfield code="b">JRU</subfield>
    <subfield code="c">JRL</subfield>
    <subfield code="d">2023-10-16</subfield>
    <subfield code="e">PURCHASE</subfield>
    <subfield code="h">VOI-22 ISSUE 3 [JUL-2023]</subfield>
    <subfield code="l">1</subfield>
    <subfield code="p">OB0007</subfield>
    <subfield code="r">2024-11-28 13:10:33</subfield>
    <subfield code="s">2024-10-25</subfield>
    <subfield code="w">2023-10-16</subfield>
    <subfield code="y">JRL</subfield>
  </datafield>
  <datafield tag="952" ind1=" " ind2=" ">
    <subfield code="0">0</subfield>
    <subfield code="1">0</subfield>
    <subfield code="4">0</subfield>
    <subfield code="7">0</subfield>
    <subfield code="a">JRU</subfield>
    <subfield code="b">JRU</subfield>
    <subfield code="c">JRL</subfield>
    <subfield code="d">2023-12-27</subfield>
    <subfield code="e">PURCHASE</subfield>
    <subfield code="h">VOL-22, ISSUE-04, [OCT-2023]</subfield>
    <subfield code="l">2</subfield>
    <subfield code="p">OB0008</subfield>
    <subfield code="r">2025-02-26 10:38:42</subfield>
    <subfield code="s">2024-06-24</subfield>
    <subfield code="w">2023-12-27</subfield>
    <subfield code="y">JRL</subfield>
  </datafield>
  <datafield tag="952" ind1=" " ind2=" ">
    <subfield code="0">0</subfield>
    <subfield code="1">0</subfield>
    <subfield code="4">0</subfield>
    <subfield code="7">0</subfield>
    <subfield code="a">JRU</subfield>
    <subfield code="b">JRU</subfield>
    <subfield code="c">JRL</subfield>
    <subfield code="d">2025-04-03</subfield>
    <subfield code="e">PURCHASE</subfield>
    <subfield code="h">VOI-24, ISSUE-1 [JAN-2025]</subfield>
    <subfield code="l">0</subfield>
    <subfield code="p">OB0009</subfield>
    <subfield code="r">2025-04-03 15:44:57</subfield>
    <subfield code="w">2025-04-03</subfield>
    <subfield code="y">JRL</subfield>
  </datafield>
  <datafield tag="952" ind1=" " ind2=" ">
    <subfield code="0">0</subfield>
    <subfield code="1">0</subfield>
    <subfield code="4">0</subfield>
    <subfield code="7">0</subfield>
    <subfield code="8">IUP JOURNALS</subfield>
    <subfield code="a">JRU</subfield>
    <subfield code="b">JRU</subfield>
    <subfield code="c">JRL</subfield>
    <subfield code="d">2025-08-01</subfield>
    <subfield code="e">PURCHASE</subfield>
    <subfield code="h">VOL-24, NO-02 [APRIL-2025]</subfield>
    <subfield code="l">0</subfield>
    <subfield code="p">OB0010</subfield>
    <subfield code="r">2025-08-01 11:37:55</subfield>
    <subfield code="w">2025-08-01</subfield>
    <subfield code="y">JRL</subfield>
  </datafield>
  <datafield tag="952" ind1=" " ind2=" ">
    <subfield code="0">0</subfield>
    <subfield code="1">0</subfield>
    <subfield code="4">0</subfield>
    <subfield code="7">0</subfield>
    <subfield code="a">JRU</subfield>
    <subfield code="b">JRU</subfield>
    <subfield code="c">JRL</subfield>
    <subfield code="d">2025-11-18</subfield>
    <subfield code="e">PURCHASE</subfield>
    <subfield code="h">VOL-25, NO-03 [JULY-SEP-2025]</subfield>
    <subfield code="l">0</subfield>
    <subfield code="p">OB0011</subfield>
    <subfield code="r">2025-11-18 12:27:51</subfield>
    <subfield code="w">2025-11-18</subfield>
    <subfield code="y">JRL</subfield>
  </datafield>
  <datafield tag="952" ind1=" " ind2=" ">
    <subfield code="0">0</subfield>
    <subfield code="1">0</subfield>
    <subfield code="4">0</subfield>
    <subfield code="7">0</subfield>
    <subfield code="a">JRU</subfield>
    <subfield code="b">JRU</subfield>
    <subfield code="c">JRL</subfield>
    <subfield code="d">2026-01-07</subfield>
    <subfield code="e">PURCHASE</subfield>
    <subfield code="h">VOI-24, ISSUE-4 [OCT-DEC-2025]</subfield>
    <subfield code="l">0</subfield>
    <subfield code="p">OB0012</subfield>
    <subfield code="r">2026-01-07 07:11:58</subfield>
    <subfield code="w">2026-01-07</subfield>
    <subfield code="y">JRL</subfield>
  </datafield>
  <datafield tag="952" ind1=" " ind2=" ">
    <subfield code="0">0</subfield>
    <subfield code="1">0</subfield>
    <subfield code="4">0</subfield>
    <subfield code="7">0</subfield>
    <subfield code="a">JRU</subfield>
    <subfield code="b">JRU</subfield>
    <subfield code="c">JRL</subfield>
    <subfield code="d">2026-03-17</subfield>
    <subfield code="e">PURCHASE</subfield>
    <subfield code="h">VOI-25, ISSUE-1 [JAN-MAR-2026]</subfield>
    <subfield code="l">0</subfield>
    <subfield code="p">OB0013</subfield>
    <subfield code="r">2026-03-17 06:48:34</subfield>
    <subfield code="w">2026-03-17</subfield>
    <subfield code="y">JRL</subfield>
  </datafield>
</record>
